| 000 | 00781cam a22002535a 4500 | ||
|---|---|---|---|
| 001 | 013857569 | ||
| 003 | OSt | ||
| 005 | 20180128115745.0 | ||
| 008 | 760720t1976 ohua frb 00110 eng d | ||
| 020 | _a0675086175 | ||
| 040 |
_aDLC _cDLC _dDLC _dEG-ScBUE _beng |
||
| 082 | 0 | 4 |
_a304.2 _222 _bKEL |
| 100 | 1 |
_aKeller, Edward A., _d1942- _95113 |
|
| 245 | 1 | 0 |
_aEnvironmental geology / _cEdward A. Keller, with assistance from E. M. Burt. |
| 260 | 0 |
_aColumbus : _bCharles E. Merrill, _cc.1976. |
|
| 300 |
_aviii, 488 p. : _bill. ; _c26 cm. |
||
| 504 | _aIncludes bibliographical references and index. | ||
| 650 | 7 |
_aEnvironmental geology. _2BUEsh _95114 |
|
| 650 | 7 |
_aLand use. _2BUEsh _941448 |
|
| 651 | _2BUEsh | ||
| 653 |
_bGGEN _cJanuary2018 |
||
| 700 | 1 | _aBurt, E. M. | |
| 942 | _2ddc | ||
| 999 |
_c26020 _d25992 |
||